Normal view MARC view
  • Quran and Sunnat

Entry Topical Term

Number of records used in: 1

001 - CONTROL NUMBER

  • control field: 133384

003 - CONTROL NUMBER IDENTIFIER

  • control field: NUST

005 - DATE AND TIME OF LATEST TRANSACTION

  • control field: 20260223155654.0

008 - FIXED-LENGTH DATA ELEMENTS

  • fixed length control field: 260223|| aca||aabn | a|a d

040 ## - CATALOGING SOURCE

  • Original cataloging agency: NUST
  • Transcribing agency: NUST

150 ## - HEADING--TOPICAL TERM

  • Topical term or geographic name entry element: Quran and Sunnat
  • Topical term or geographic name entry element: Labour law

670 ## - SOURCE DATA FOUND

  • Source citation: Work cat.: (NUST): Ahmad, Iftikhar Jameel, Asghar 133383, Islam ka Qanoon-e-Mehnat: Quran o Sunnat ki Taleemat ki Roshni mein, 2024.
© 2023 Central Library, National University of Sciences and Technology. All Rights Reserved.